00306nam a2200121Ia 45000030006000000080041000060400015000471000019000622450065000812600009001465460012001550050017001670STCL150530s9999 xx 000 0 und d aSTCLcSTCL aKulkarni, K.R. aTheory and practice of cooperation in India and abroad vol-3 c1962 aEnglish20220125165514.0